<?xml version="1.0" encoding="UTF-8"?>
<collection xmlns="http://www.loc.gov/MARC21/slim">
 <record>
  <leader>01143nam a2200325 a 4500</leader>
  <controlfield tag="001">7782</controlfield>
  <controlfield tag="003">BD-DhAAL</controlfield>
  <controlfield tag="005">20151103101003.0</controlfield>
  <controlfield tag="008">151103s2002    nyu      b    000 1 eng  </controlfield>
  <datafield tag="010" ind1=" " ind2=" ">
   <subfield code="a">  2002032338</subfield>
  </datafield>
  <datafield tag="020" ind1=" " ind2=" ">
   <subfield code="a">006056489x</subfield>
  </datafield>
  <datafield tag="020" ind1=" " ind2=" ">
   <subfield code="a">0066214122 (acidfree paper)</subfield>
  </datafield>
  <datafield tag="040" ind1=" " ind2=" ">
   <subfield code="a">DLC</subfield>
   <subfield code="c">DLC</subfield>
   <subfield code="d">YDX</subfield>
   <subfield code="d">OCLCQ</subfield>
   <subfield code="d">MYG</subfield>
   <subfield code="d">BD-DhAAL</subfield>
  </datafield>
  <datafield tag="050" ind1="0" ind2="0">
   <subfield code="a">PS3553.R48</subfield>
   <subfield code="b">P74 2002</subfield>
  </datafield>
  <datafield tag="082" ind1="0" ind2="0">
   <subfield code="a">813/.54</subfield>
   <subfield code="2">21</subfield>
  </datafield>
  <datafield tag="100" ind1="1" ind2=" ">
   <subfield code="a">Crichton, Michael,</subfield>
   <subfield code="d">1942-2008.</subfield>
   <subfield code="9">12864</subfield>
  </datafield>
  <datafield tag="245" ind1="1" ind2="0">
   <subfield code="a">Prey /</subfield>
   <subfield code="c">Michael Crichton.</subfield>
  </datafield>
  <datafield tag="250" ind1=" " ind2=" ">
   <subfield code="a">Int. ed.</subfield>
  </datafield>
  <datafield tag="260" ind1=" " ind2=" ">
   <subfield code="a">New York :</subfield>
   <subfield code="b">HarperCollins,</subfield>
   <subfield code="b">Avon Books,</subfield>
   <subfield code="c">c2002.</subfield>
  </datafield>
  <datafield tag="300" ind1=" " ind2=" ">
   <subfield code="a">xvii, 507 p. ;</subfield>
   <subfield code="c">17 cm.</subfield>
  </datafield>
  <datafield tag="504" ind1=" " ind2=" ">
   <subfield code="a">Includes bibliographical references (p. [365]-367).</subfield>
  </datafield>
  <datafield tag="541" ind1=" " ind2=" ">
   <subfield code="e">7782</subfield>
  </datafield>
  <datafield tag="650" ind1=" " ind2="0">
   <subfield code="a">Molecular biologists</subfield>
   <subfield code="v">Fiction.</subfield>
   <subfield code="9">15947</subfield>
  </datafield>
  <datafield tag="650" ind1=" " ind2="0">
   <subfield code="a">Artificial life</subfield>
   <subfield code="v">Fiction.</subfield>
   <subfield code="9">15948</subfield>
  </datafield>
  <datafield tag="651" ind1=" " ind2="0">
   <subfield code="a">Nevada</subfield>
   <subfield code="v">Fiction.</subfield>
   <subfield code="9">15949</subfield>
  </datafield>
  <datafield tag="655" ind1=" " ind2="7">
   <subfield code="a">Suspense fiction.</subfield>
   <subfield code="2">gsafd</subfield>
   <subfield code="9">12793</subfield>
  </datafield>
  <datafield tag="655" ind1=" " ind2="7">
   <subfield code="a">Science fiction.</subfield>
   <subfield code="2">gsafd</subfield>
   <subfield code="9">6113</subfield>
  </datafield>
  <datafield tag="942" ind1=" " ind2=" ">
   <subfield code="2">ddc</subfield>
   <subfield code="c">BK</subfield>
  </datafield>
  <datafield tag="999" ind1=" " ind2=" ">
   <subfield code="c">36021</subfield>
   <subfield code="d">36021</subfield>
  </datafield>
  <datafield tag="952" ind1=" " ind2=" ">
   <subfield code="0">0</subfield>
   <subfield code="1">0</subfield>
   <subfield code="2">ddc</subfield>
   <subfield code="4">0</subfield>
   <subfield code="6">813_000000000000000__54_CRI</subfield>
   <subfield code="7">0</subfield>
   <subfield code="9">56593</subfield>
   <subfield code="a">SCL</subfield>
   <subfield code="b">SCL</subfield>
   <subfield code="c">GEN</subfield>
   <subfield code="d">2015-11-03</subfield>
   <subfield code="e">Gift:</subfield>
   <subfield code="l">12</subfield>
   <subfield code="m">62</subfield>
   <subfield code="o">813.54 CRI</subfield>
   <subfield code="p">3020007782</subfield>
   <subfield code="r">2026-05-08</subfield>
   <subfield code="s">2026-02-22</subfield>
   <subfield code="t">1</subfield>
   <subfield code="w">2015-11-03</subfield>
   <subfield code="y">BK</subfield>
  </datafield>
 </record>
</collection>
